LEADER 00802nam0-22002891i-450- 001 990004063540403321 005 19990530 035 $a000406354 035 $aFED01000406354 035 $a(Aleph)000406354FED01 035 $a000406354 100 $a19990530d1987----km-y0itay50------ba 101 0 $aita 105 $aa-------00-y- 200 1 $aLIGURIA$ffotografie di Giovanni Chiaramonte e Toni Nicolini 210 $aMilano$cTouring Club Italiano$d1987 215 $a240 p.$cill.$d37 cm 225 1 $aAttraverso l'Italia 702 1$aCharamonte,$bGiovanni 702 1$aNicolini,$bToni$f<1935- > 801 0$aIT$bUNINA$gRICA$2UNIMARC 901 $aBK 912 $a990004063540403321 952 $a914.5 TCI(2)$bBIBL.C.4028$fFLFBC 959 $aFLFBC 996 $aLiguria$9290083 997 $aUNINA LEADER 00755nam0-22003011i-450- 001 990003353680403321 005 20001010 010 $a2-07-010202-5 035 $a000335368 035 $aFED01000335368 035 $a(Aleph)000335368FED01 035 $a000335368 100 $a20001010d--------km-y0itay50------ba 101 0 $aita 105 $ay-------001yy 200 1 $aOEUVRES II 210 $aFRANCE$cGALLIMARD$d1952 610 0 $aLetteratura Francese 676 $a840 700 1$aFlaubert,$bGustave$f<1821-1880>$0142392 801 0$aIT$bUNINA$gRICA$2UNIMARC 901 $aBK 912 $a990003353680403321 952 $a840 FLA /1$bLINGUE 1726$fDECLI 959 $aDECLI 996 $aOEUVRES II$9443307 997 $aUNINA DB $aING01